| 000 | 00369nam a2200157Ia 4500 | ||
|---|---|---|---|
| 008 | 230524s9999 xx 000 0 und d | ||
| 082 |
_a610.32 _bFOX |
||
| 100 |
_aStuart Ira Fox _923720 |
||
| 245 | 0 | _aHuman Physiology | |
| 250 | _a7TH | ||
| 260 |
_aNEW DELHI _bMGH _c2002 |
||
| 300 | _aXI;711 | ||
| 500 | _aQuantity Number: 1 | ||
| 650 | _aBiomedical | ||
| 942 | _cBK | ||
| 999 |
_c35257 _d35257 |
||